000 00642nam a2200193 a 4500
001 000038187
005 20201002031205.0
008 110214s2003 dr 000 0 spa d
020 _a9993403644
040 _aDO-SdBNP
_bspa
_cBNPHU
082 _axxx
_bC933u
100 1 _aCristophe Tchakaloff, Marie-France
_951828
245 1 3 _aLa Unión Europea /
_cMrie-France Cristophe Tchakaloff, Carlos Abad.
260 _aSanto Domingo :
_bFundación Global Democracia y Desarrollo,
_c2003.
300 _a53 p. ;
_c24 cm.
490 1 _aPensamiento Contemporáneo
_v2
700 1 _aAbad, Carlos
_951830
830 0 _aPensamiento Contemporáneo
_n2
_951831
999 _c37677
_d37677